Thomas Alva Edison /

Hlavní autor: Gutwirth, Václav, 1896-1968
Jazyk: Čeština
Vydáno: V Praze : Práce, 1947
Edice: Knižnice Profily
Externí odkaz: Digitalizovaný dokument
Fyzický popis: 72, [III] s. ; 8°
Knihy
Uloženo v:
LEADER 00937nam a22002652a 4500
001 001790821
003 CZ BrMZK
005 20210514093703.0
007 ta
008 210514s1947 xr er|||||||||||cze d
015 |a cnb000667175 
035 |a (OCoLC)42425407 
040 |a ABA001  |b cze  |c OLA001  |d ABA001 
100 1 |a Gutwirth, Václav,  |d 1896-1968  |7 jk01032871  |4 aut 
245 1 0 |a Thomas Alva Edison /  |c Václav Gutwirth 
260 |a V Praze :  |b Práce,  |c 1947 
300 |a 72, [III] s. ;  |c 8° 
490 1 |a Knižnice Profily ;  |v Sv. 7 
500 |a Dostupné též v digitální podobě v aplikaci Kramerius 
830 0 |a Knižnice Profily 
856 4 1 |u http://www.digitalniknihovna.cz/mzk/uuid/uuid:31d4e920-a5c5-11ec-adf7-5ef3fc9bb22f  |y Digitalizovaný dokument  |x NDK 
910 |a BOA001  |b 1-0185.497,7 
990 |a BK 
991 |b 202102 
996 6 |b 2618864025  |c 1-0185.497,7  |l MZK  |r Sklad / do 1 hodiny  |n 0  |w 001852651  |u 000010  |a 1  |e BOA001  |j MZK50  |s P